MARC

LEADER 00000nas a22000007a 4500
001 ssj0056224
003 WaSeSS
005 20200512172242.0
006 m d
007 cr n
008 030213c20029999caubr p s 0 a0eng c
010 |a  2008214807 
016 7 |a 101196303  |2 DNLM 
022 |a 1945-7081  |l 1546-993X  |y 1546-993X 
035 |a (WaSeSS)ssj0056224 
037 |b Integrative Medicine, 169 Saxony Rd., Suite 104, Encinitas, CA 92024 
040 |a Nz  |b eng  |c UX0  |d NSD  |d NTE  |d OCLCQ  |d AU@  |d OCLCF  |d OCLCQ  |d TXA  |d OCLCQ  |d REB  |d OCLCO  |d CUY  |d OCLCO  |d WYU  |d OCLCO  |d OCLCA  |d VT2  |d WaSeSS 
042 |a pcc  |a nsdp 
050 0 4 |a R733  |b .I5757 
060 0 0 |a W1  |b IN645SN 
082 1 0 |a 610  |2 13 
130 0 |a Integrative medicine (Encinitas, Calif.) 
210 0 |a Integr. med.  |b (Encinitas Calif. Online) 
222 0 |a Integrative medicine  |b (Encinitas, Calif. Online) 
245 1 0 |a Integrative medicine  |h [electronic resource]. 
246 1 |a Integrative medicine: a clinician's journal 
246 1 |a IMCJ 
246 1 |a IM 
260 |a Encinitas, CA :  |b InnoVision Communications 
310 |a Bimonthly 
362 1 |a Print began with vol. 1, no. 1 (Dec. 2002/Jan. 2003). 
506 |a License restrictions may limit access. 
588 |a Description based on: Vol. 13, no. 1 (Ferbruary 2014); title from PDF article running title (PubMed, viewed April 22, 2016). 
588 |a Latest issue consulted: Vol. 14, no. 2 (April 2014) (PubMed, viewed April 22, 2016). 
650 0 |a Integrative medicine  |v Periodicals. 
650 7 |a Integrative medicine.  |2 fast  |0 (OCoLC)fst00975672 
650 1 2 |a Complementary Therapies. 
650 2 2 |a Holistic Health. 
650 2 2 |a Medicine, Traditional. 
655 0 |a Electronic journals. 
776 0 8 |i Print version:  |t Integrative medicine  |x 1546-993X  |w (DLC) 2003209294  |w (OCoLC)51643436 
780 0 0 |t International journal of integrative medicine  |x 1522-6255  |w (DLC)sn 98001335  |w (OCoLC)40355916 
856 4 0 |z Full text available from Research Library: 02/01/2011 to present  |u https://search.proquest.com/publication/736337